<?xml version="1.0" encoding="UTF-8"?>
<record
    xmlns:xsi="http://www.w3.org/2001/XMLSchema-instance"
    xsi:schemaLocation="http://www.loc.gov/MARC21/slim http://www.loc.gov/standards/marcxml/schema/MARC21slim.xsd"
    xmlns="http://www.loc.gov/MARC21/slim">

  <leader>00928nam a22002177a 4500</leader>
  <controlfield tag="005">20240529163850.0</controlfield>
  <controlfield tag="008">220504b           ||||| |||| 00| 0 eng d</controlfield>
  <datafield tag="040" ind1=" " ind2=" ">
    <subfield code="c">Aloy</subfield>
  </datafield>
  <datafield tag="041" ind1=" " ind2=" ">
    <subfield code="a">kan</subfield>
  </datafield>
  <datafield tag="082" ind1=" " ind2=" ">
    <subfield code="2">23</subfield>
    <subfield code="a">K894.4</subfield>
    <subfield code="b">KHAA</subfield>
  </datafield>
  <datafield tag="100" ind1=" " ind2=" ">
    <subfield code="a">Khadri Shamanna</subfield>
    <subfield code="9">168468</subfield>
  </datafield>
  <datafield tag="100" ind1=" " ind2=" ">
    <subfield code="9">33446</subfield>
    <subfield code="d">&#xC96;&#xCBE;&#xCA6;&#xCCD;&#xCB0;&#xCBF; &#xCB6;&#xCBE;&#xCAE;&#xCA3;&#xCCD;&#xCA3; </subfield>
  </datafield>
  <datafield tag="245" ind1=" " ind2=" ">
    <subfield code="a">Arpana; Divangata khadri shamanna avara barahagala ayda sankalana</subfield>
    <subfield code="b">&#xC85;&#xCB0;&#xCCD;&#xCAA;&#xCA3;: &#xCA6;&#xCBF;&#xCB5;&#xC82;&#xC97;&#xCA4; &#xC96;&#xCBE;&#xCA6;&#xCCD;&#xCB0;&#xCBF; &#xCB6;&#xCBE;&#xCAE;&#xCA3;&#xCCD;&#xCA3; &#xC85;&#xCB5;&#xCB0; &#xCAC;&#xCB0;&#xCB9;&#xC97;&#xCB3; &#xC86;&#xCAF;&#xCCD;&#xCA6; &#xCB8;&#xC82;&#xC95;&#xCB2;&#xCA8; </subfield>
  </datafield>
  <datafield tag="260" ind1=" " ind2=" ">
    <subfield code="a">Bengaluru</subfield>
    <subfield code="b">Khadri Shamanna Smaraka Trust </subfield>
    <subfield code="c">1993</subfield>
  </datafield>
  <datafield tag="300" ind1=" " ind2=" ">
    <subfield code="a">xx,153p,</subfield>
    <subfield code="b">PB</subfield>
    <subfield code="c">21x13cm</subfield>
  </datafield>
  <datafield tag="365" ind1=" " ind2=" ">
    <subfield code="2">Kannada</subfield>
    <subfield code="b">100.00</subfield>
    <subfield code="c">&#x20B9;</subfield>
    <subfield code="d">100.00</subfield>
  </datafield>
  <datafield tag="650" ind1=" " ind2=" ">
    <subfield code="a">Kannada Prose: &#xC95;&#xCA8;&#xCCD;&#xCA8;&#xCA1; &#xC97;&#xCA6;&#xCCD;&#xCAF; </subfield>
    <subfield code="9">33447</subfield>
  </datafield>
  <datafield tag="650" ind1=" " ind2=" ">
    <subfield code="a">Kannada Literature: &#xC95;&#xCA8;&#xCCD;&#xCA8;&#xCA1; &#xCB8;&#xCBE;&#xCB9;&#xCBF;&#xCA4;&#xCCD;&#xCAF; </subfield>
    <subfield code="9">33448</subfield>
  </datafield>
  <datafield tag="700" ind1=" " ind2=" ">
    <subfield code="a">KHADRI SHAMANNA: &#xC96;&#xCBE;&#xCA6;&#xCCD;&#xCB0;&#xCBF; &#xCB6;&#xCBE;&#xCAE;&#xCA3;&#xCCD;&#xCA3; </subfield>
    <subfield code="9">33449</subfield>
  </datafield>
  <datafield tag="942" ind1=" " ind2=" ">
    <subfield code="2">ddc</subfield>
    <subfield code="c">GF</subfield>
  </datafield>
  <datafield tag="999" ind1=" " ind2=" ">
    <subfield code="c">222774</subfield>
    <subfield code="d">222774</subfield>
  </datafield>
  <datafield tag="952" ind1=" " ind2=" ">
    <subfield code="0">0</subfield>
    <subfield code="1">0</subfield>
    <subfield code="2">ddc</subfield>
    <subfield code="4">0</subfield>
    <subfield code="7">0</subfield>
    <subfield code="8">KAN</subfield>
    <subfield code="a">AL</subfield>
    <subfield code="b">AL</subfield>
    <subfield code="c">SSS</subfield>
    <subfield code="d">2013-03-24</subfield>
    <subfield code="l">0</subfield>
    <subfield code="o">K894.4 KHAA</subfield>
    <subfield code="p">GF02914</subfield>
    <subfield code="r">2022-05-04 00:00:00</subfield>
    <subfield code="w">2022-05-04</subfield>
    <subfield code="y">GF</subfield>
  </datafield>
</record>
